<?xml version="1.0" encoding="UTF-8"?><?xml-stylesheet type="text/xsl" href="static/style.xsl"?><OAI-PMH xmlns="http://www.openarchives.org/OAI/2.0/" xmlns:xsi="http://www.w3.org/2001/XMLSchema-instance" xsi:schemaLocation="http://www.openarchives.org/OAI/2.0/ http://www.openarchives.org/OAI/2.0/OAI-PMH.xsd"><responseDate>2026-06-01T01:56:46Z</responseDate><request verb="GetRecord" identifier="oai:riuma.uma.es:10630/33465" metadataPrefix="marc">https://riuma.uma.es/rest/oai/request</request><GetRecord><record><header><identifier>oai:riuma.uma.es:10630/33465</identifier><datestamp>2026-02-03T11:35:37Z</datestamp><setSpec>com_10630_2254</setSpec><setSpec>col_10630_37953</setSpec></header><metadata><record xmlns="http://www.loc.gov/MARC21/slim" xmlns:dcterms="http://purl.org/dc/terms/" xmlns:doc="http://www.lyncode.com/xoai" xmlns:xsi="http://www.w3.org/2001/XMLSchema-instance" xsi:schemaLocation="http://www.loc.gov/MARC21/slim http://www.loc.gov/standards/marcxml/schema/MARC21slim.xsd">
   <leader>00925njm 22002777a 4500</leader>
   <datafield ind2=" " ind1=" " tag="042">
      <subfield code="a">dc</subfield>
   </datafield>
   <datafield ind2=" " ind1=" " tag="720">
      <subfield code="a">Meléndez-Malave, Natalia</subfield>
      <subfield code="e">author</subfield>
   </datafield>
   <datafield ind2=" " ind1=" " tag="720">
      <subfield code="a">Cuartero-Naranjo, Antonio</subfield>
      <subfield code="e">author</subfield>
   </datafield>
   <datafield ind2=" " ind1=" " tag="260">
      <subfield code="c">2013</subfield>
   </datafield>
   <datafield ind2=" " ind1=" " tag="520">
      <subfield code="a">Las redes sociales son un fenómeno de aparición reciente pero de gran impacto, y su reflejo como con&#xd;
tenido informativo es una clave para entender cómo se está percibiendo esta nueva realidad y, sobre todo,&#xd;
cómo la han acogido los medios tradicionales. Como respuesta se presenta un estudio comparativo de dos&#xd;
diarios españoles de referencia –El País y El Mundo en los que se investiga el número de noticias apare&#xd;
cidas sobre las redes más populares (Facebook, Twitter y Tuenti), en su primer lustro de existencia, anal&#xd;
izándolas según su enfoque, su procedencia, sus temáticas y su ubicación. Además se contrasta la postura&#xd;
que adoptan estos medios ante las distintas redes sociales, y el perfil y personalidad, muy marcado, que&#xd;
se traslada de cada una de ellas</subfield>
   </datafield>
   <datafield ind1="8" ind2=" " tag="024">
      <subfield code="a">Meléndez Malavé, Natalia y Cuartero Naranjo, Antonio. (2013). "La aparición de las redes sociales como contenido informativo en los medios tradicionales: análisis comparativo de dos diarios españoles de referencia (2006-2010). Estudios del Mensaje Periodístico, num.19, vol1, pp. 177-189.  https://doi.org/10.5209/rev_ESMP.2013.v19.n1.42515</subfield>
   </datafield>
   <datafield ind1="8" ind2=" " tag="024">
      <subfield code="a">https://hdl.handle.net/10630/33465</subfield>
   </datafield>
   <datafield ind1="8" ind2=" " tag="024">
      <subfield code="a">10.5209/rev_ESMP.2013.v19.n1.42515</subfield>
   </datafield>
   <datafield tag="653" ind2=" " ind1=" ">
      <subfield code="a">Redes sociales en internet</subfield>
   </datafield>
   <datafield ind2="0" ind1="0" tag="245">
      <subfield code="a">La aparición de las redes sociales como contenidoinformativo en los medios tradicionales: análisiscomparativo en dos diarios españoles de referencia</subfield>
   </datafield>
</record>
</metadata></record></GetRecord></OAI-PMH>